[Event "Titled Tuesday intern op 01st Dec"]
[Site "Chess.com INT"]
[Date "2020.12.01"]
[Round "1"]
[White "Valner, Uku"]
[Black "Sviridov, Valery"]
[Result "1-0"]
[WhiteElo "2296"]
[BlackElo "2562"]
[PlyCount "129"]
[EventDate "2020.12.01"]
[EventType "swiss (blitz)"]
[EventRounds "11"]
[EventCountry "USA"]
[SourceTitle "CBM 199 Extra"]
[Source "ChessBase"]
[SourceDate "2021.01.31"]
[SourceVersion "1"]
[SourceVersionDate "2021.01.31"]
[SourceQuality "1"]

1. e4 Nf6 2. e5 Nd5 3. d4 d6 4. exd6 Qxd6 5. Nf3 Bg4 6. Be2 Nc6 7. 0-0 0-0-0 8. c3 Nf4 9. Bxf4 Qxf4 10. Nbd2 e5 11. g3 Qh6 12. Qa4 exd4 13. Rfd1 d3 14. Qxg4+ Kb8 15. Bf1 Be7 16. Nb3 f5 17. Qh3 Qf6 18. Rxd3 g5 19. Rxd8+ Rxd8 20. Nfd4 Nxd4 21. Nxd4 Bc5 22. Qxh7 f4 23. Re1 fxg3 24. hxg3 Rf8 25. Qc2 Bxd4 26. cxd4 Qxd4 27. Bg2 c6 28. Rf1 a6 29. Qc3 Qd6 30. Qb3 Ka8 31. Rd1 Qc5 32. Qe3 Qc2 33. Rd2 Qb1+ 34. Bf1 g4 35. a3 Rh8 36. Qd3 Qc1 37. Qd4 Re8 38. Rd1 Qc2 39. Qxg4 Qxb2 40. a4 Rf8 41. Qd4 Qc2 42. Rd2 Qf5 43. Qd3 Qa5 44. Qd6 Rh8 45. Qd4 Qh5 46. Bg2 Qh2+ 47. Kf1 Qh6 48. Rd1 Qh7 49. a5 Qh5 50. Ra1 Qb5+ 51. Kg1 Rf8 52. Qb6 Qc4 53. Rb1 Rf7 54. Qd8+ Ka7 55. Qb6+ Ka8 56. Qb3 Qxb3 57. Rxb3 Rf5 58. Ra3 Kb8 59. f4 Kc7 60. Bh3 Rc5 61. g4 Rc4 62. f5 b5 63. axb6+ Kxb6 64. g5 Rc5 65. g6 1-0

[Event "Titled Tuesday intern op 19th May"]
[Site "Chess.com INT"]
[Date "2020.05.19"]
[Round "8"]
[White "Moreby, James"]
[Black "Valner, Uku"]
[Result "0-1"]
[WhiteElo "2283"]
[BlackElo "2302"]
[PlyCount "120"]
[EventDate "2020.05.19"]
[EventType "swiss (blitz)"]
[EventRounds "10"]
[EventCountry "USA"]
[SourceTitle "EXT 2021"]
[Source "ChessBase"]
[SourceDate "2020.10.23"]
[SourceVersion "1"]
[SourceVersionDate "2020.10.23"]
[SourceQuality "1"]

1. Nf3 e6 2. g3 b6 3. Bg2 Bb7 4. 0-0 Nf6 5. c4 Be7 6. Nc3 0-0 7. Re1 d5 8. cxd5 Nxd5 9. d4 c5 10. e4 Nxc3 11. bxc3 cxd4 12. cxd4 Nc6 13. Bb2 Rc8 14. Rc1 Bf6 15. e5 Be7 16. Qd3 Nb4 17. Qb1 Bd5 18. a3 Nc6 19. Qd3 Qd7 20. Red1 Qb7 21. Ne1 Na5 22. Bxd5 Qxd5 23. Qf3 Qxf3 24. Nxf3 Nc4 25. Rc2 Nxe5 26. Rxc8 Nxf3+ 27. Kg2 Nh4+ 28. gxh4 Rxc8 29. d5 exd5 30. Rxd5 Bxh4 31. Rd7 Ra8 32. Bd4 h6 33. Kh3 Bf6 34. Bxf6 gxf6 35. Kg4 Kg7 36. Kf5 a5 37. Rd6 Rb8 38. Rxf6 b5 39. Ra6 b4 40. axb4 axb4 41. Ra2 b3 42. Rb2 Rb5+ 43. Kf4 Kf6 44. Kg3 Ke5 45. h4 Kd4 46. Kg4 Kc3 47. Rb1 b2 48. f4 h5+ 49. Kf3 Kc2 50. Rxb2+ Kxb2 51. Ke4 f5+ 52. Kd4 Kb3 53. Kd3 Rd5+ 54. Ke3 Kc4 55. Kf3 Rd4 56. Kg3 Rd3+ 57. Kg2 Kd4 58. Kh2 Ke4 59. Kg2 Kxf4 60. Kg1 Kf3 0-1

[Event "Titled Tuesday intern op 19th May"]
[Site "Chess.com INT"]
[Date "2020.05.19"]
[Round "7"]
[White "Valner, Uku"]
[Black "Golubev, Mikhail"]
[Result "0-1"]
[WhiteElo "2302"]
[BlackElo "2461"]
[PlyCount "68"]
[EventDate "2020.05.19"]
[EventType "swiss (blitz)"]
[EventRounds "10"]
[EventCountry "USA"]
[SourceTitle "EXT 2021"]
[Source "ChessBase"]
[SourceDate "2020.10.23"]
[SourceVersion "1"]
[SourceVersionDate "2020.10.23"]
[SourceQuality "1"]

1. e4 c5 2. Nc3 Nc6 3. g3 g6 4. Bg2 Bg7 5. d3 e6 6. Be3 Nd4 7. f4 Ne7 8. e5 d6 9. Nf3 Nef5 10. Bf2 0-0 11. 0-0 Bd7 12. Ne4 Bc6 13. c3 Nxf3+ 14. Bxf3 dxe5 15. Bxc5 Re8 16. fxe5 Bxe5 17. Qe2 Rc8 18. Bf2 Bb5 19. Rfd1 Bg7 20. Rd2 a5 21. g4 Nh4 22. Bxh4 Qxh4 23. Rad1 Rcd8 24. Qf2 Qxf2+ 25. Nxf2 b6 26. d4 Bh6 27. Rc2 e5 28. dxe5 Rxd1+ 29. Bxd1 Rxe5 30. Kg2 Bf4 31. Bf3 Re1 32. Be4 Bf1+ 33. Kf3 g5 34. Re2 Bxe2+ 0-1

[Event "Titled Tuesday intern op 7th Januar"]
[Site "Chess.com INT"]
[Date "2020.01.07"]
[Round "1"]
[White "Valner, Uku"]
[Black "Mohammad, Nubairshah Shaikh"]
[Result "0-1"]
[WhiteElo "2302"]
[BlackElo "2428"]
[PlyCount "72"]
[EventDate "2020.01.07"]
[EventType "swiss (blitz)"]
[EventRounds "10"]
[EventCountry "USA"]
[SourceTitle "EXT 2021"]
[Source "ChessBase"]
[SourceDate "2020.10.23"]
[SourceVersion "1"]
[SourceVersionDate "2020.10.23"]
[SourceQuality "1"]

1. e4 g6 2. d4 Bg7 3. f4 d5 4. e5 Nh6 5. Nf3 f6 6. Be3 0-0 7. Nbd2 c5 8. c3 Nc6 9. Bd3 Bf5 10. Bxf5 Nxf5 11. Bf2 cxd4 12. cxd4 Qb6 13. Nb3 fxe5 14. dxe5 Qb4+ 15. Qd2 Bh6 16. g3 Qe4+ 17. Qe2 Nb4 18. Qxe4 dxe4 19. Nfd4 Rfd8 20. Rd1 Nd3+ 21. Ke2 Nxb2 22. Nxf5 gxf5 23. Rxd8+ Rxd8 24. Nc5 b6 25. Ne6 Rc8 26. Nd4 e6 27. Rb1 Nd3 28. Be3 Kf7 29. a4 Bf8 30. a5 Bc5 31. axb6 Bxb6 32. Nb5 Rc2+ 33. Bd2 Ba5 34. Nd6+ Kg6 35. Nc4 Bb4 36. Rxb4 Nxb4 0-1

[Event "Titled Tuesday intern op 7th Januar"]
[Site "Chess.com INT"]
[Date "2020.01.07"]
[Round "2"]
[White "Zharov, Dmitry"]
[Black "Valner, Uku"]
[Result "0-1"]
[WhiteElo "2312"]
[BlackElo "2302"]
[PlyCount "104"]
[EventDate "2020.01.07"]
[EventType "swiss (blitz)"]
[EventRounds "10"]
[EventCountry "USA"]
[SourceTitle "EXT 2021"]
[Source "ChessBase"]
[SourceDate "2020.10.23"]
[SourceVersion "1"]
[SourceVersionDate "2020.10.23"]
[SourceQuality "1"]

1. d4 e6 2. e4 d5 3. e5 c5 4. c3 Qb6 5. Nf3 Nc6 6. Be2 Nh6 7. b3 cxd4 8. cxd4 Nf5 9. Bb2 Be7 10. 0-0 Bd7 11. Qd2 h5 12. Rd1 h4 13. Nc3 Rc8 14. Rac1 Qa5 15. a3 a6 16. b4 Qd8 17. Na4 Ncxd4 18. Nxd4 Nxd4 19. Bxd4 Bxa4 20. Bb6 Qd7 21. Rxc8+ Qxc8 22. Rc1 Bc6 23. Bc5 Qd7 24. a4 Bxc5 25. Rxc5 Bxa4 26. b5 Bxb5 27. Bxb5 axb5 28. Qb4 0-0 29. Rxb5 Qc7 30. h3 Qxe5 31. Qxh4 Rb8 32. f4 Qe3+ 33. Kh2 d4 34. Rh5 f5 35. Rh8+ Kf7 36. Rxb8 d3 37. Qh5+ Kf6 38. Rf8+ Ke7 39. Qf7+ Kd6 40. Rd8+ Kc5 41. Qc7+ Kb4 42. Qd6+ Kc3 43. Qc7+ Kd2 44. Qa5+ Ke2 45. Qa2+ d2 46. Kh1 Ke1 47. Rxd2 Qxd2 48. Qxe6+ Kf2 49. Qb6+ Qe3 50. Qb2+ Qe2 51. Qb6+ Kg3 52. Qxb7 Qf1# 0-1

[Event "EU-ch blitz"]
[Site "Tallinn"]
[Date "2019.12.07"]
[Round "7"]
[White "Pohjala, Henri"]
[Black "Valner, Uku"]
[Result "1/2-1/2"]
[WhiteElo "2447"]
[BlackElo "2274"]
[PlyCount "87"]
[EventDate "2019.12.07"]
[EventType "swiss (blitz)"]
[EventRounds "22"]
[EventCountry "EST"]
[SourceTitle "CBM 193 Extra"]
[Source "ChessBase"]
[SourceDate "2020.01.31"]
[SourceVersion "1"]
[SourceVersionDate "2020.01.31"]
[SourceQuality "1"]

1. d4 e6 2. Nf3 Nf6 3. g3 b6 4. Bg2 Bb7 5. 0-0 Be7 6. c4 0-0 7. Nc3 Ne4 8. Qc2 Nxc3 9. Qxc3 d6 10. b3 Nd7 11. Bb2 Nf6 12. Nd2 Bxg2 13. Kxg2 c5 14. Rfd1 Qc7 15. Qf3 cxd4 16. Bxd4 Rac8 17. Rac1 Rfd8 18. Bb2 Qb8 19. Ne4 Nxe4 20. Qxe4 Qa8 21. Qxa8 Rxa8 22. Rd3 Rd7 23. Rcd1 Rad8 24. e4 f6 25. f4 Kf7 26. f5 g6 27. fxe6+ Kxe6 28. Rd5 Rc8 29. Bc1 a6 30. a4 Rb7 31. Bf4 Rc6 32. R1d2 b5 33. cxb5 axb5 34. Rxb5 Rxb5 35. axb5 Rc5 36. Rd3 Rxb5 37. Kf3 f5 38. exf5+ Rxf5 39. Ke2 Ra5 40. Kf3 d5 41. Re3+ Kd7 42. Rd3 Ke6 43. Re3+ Kd7 44. Rd3 1/2-1/2

[Event "EU-ch blitz"]
[Site "Tallinn"]
[Date "2019.12.07"]
[Round "21"]
[White "Siniauski, Artsiom"]
[Black "Valner, Uku"]
[Result "1-0"]
[WhiteElo "2056"]
[BlackElo "2274"]
[PlyCount "83"]
[EventDate "2019.12.07"]
[EventType "swiss (blitz)"]
[EventRounds "22"]
[EventCountry "EST"]
[SourceTitle "CBM 193 Extra"]
[Source "ChessBase"]
[SourceDate "2020.01.31"]
[SourceVersion "1"]
[SourceVersionDate "2020.01.31"]
[SourceQuality "1"]

1. e4 e6 2. d4 d5 3. Nc3 Bb4 4. e5 c5 5. a3 Bxc3+ 6. bxc3 Qc7 7. Nf3 Ne7 8. a4 b6 9. Bb5+ Bd7 10. Bd3 Nbc6 11. 0-0 Na5 12. Ba3 Bxa4 13. dxc5 bxc5 14. Bxc5 Qxc5 15. Rxa4 Nac6 16. Qa1 0-0 17. Re1 Ng6 18. h4 Rfc8 19. h5 Nf8 20. Rg4 Ne7 21. Qc1 g6 22. hxg6 fxg6 23. Qg5 Rc7 24. Qf6 a5 25. Ng5 Nf5 26. Nxe6 Nxe6 27. Qxe6+ Kf8 28. Bxf5 Re7 29. Qf6+ Rf7 30. Qh8+ Ke7 31. Qxa8 Rxf5 32. Rf1 Qxc3 33. Qxd5 Rxe5 34. Qd3 Qc6 35. Qa3+ Kf7 36. Qf3+ Qxf3 37. gxf3 Rc5 38. c4 h5 39. Rf4+ Kg7 40. Rd1 a4 41. Rd5 Rc6 42. Ra5 1-0

[Event "EU-ch blitz"]
[Site "Tallinn"]
[Date "2019.12.07"]
[Round "12"]
[White "Usmanov, Vasily"]
[Black "Valner, Uku"]
[Result "1-0"]
[WhiteElo "2495"]
[BlackElo "2274"]
[PlyCount "135"]
[EventDate "2019.12.07"]
[EventType "swiss (blitz)"]
[EventRounds "22"]
[EventCountry "EST"]
[SourceTitle "CBM 193 Extra"]
[Source "ChessBase"]
[SourceDate "2020.01.31"]
[SourceVersion "1"]
[SourceVersionDate "2020.01.31"]
[SourceQuality "1"]

1. d4 e6 2. c4 b6 3. a3 Bb7 4. Nc3 Nf6 5. d5 exd5 6. cxd5 g6 7. e4 Qe7 8. f3 Bg7 9. Bf4 d6 10. Bb5+ Nbd7 11. Nge2 0-0 12. 0-0 a6 13. Ba4 Ne5 14. Nd4 Nfd7 15. Nc6 Qf6 16. Bg3 b5 17. Nxe5 Nxe5 18. Bb3 Nd7 19. Rc1 Nc5 20. Ba2 Rac8 21. b4 Nd7 22. Qd2 Rfe8 23. Rfd1 Qe7 24. Ne2 Qf8 25. Nd4 Bh6 26. Bf4 Bxf4 27. Qxf4 Ne5 28. Qf6 Qh6 29. Nf5 Qf8 30. Ne3 Qh6 31. Kf2 Nd7 32. Ng4 Nxf6 33. Nxh6+ Kg7 34. Ng4 Nxg4+ 35. fxg4 Rxe4 36. h3 Re7 37. Rc3 Rce8 38. Rd2 f5 39. gxf5 Rf8 40. Bb1 Bc8 41. Re2 Ref7 42. Kg3 gxf5 43. Kf4 Bb7 44. Ba2 Rd8 45. Bb3 Rdd7 46. Re8 Rde7 47. Re3 Rxe8 48. Rxe8 Rd7 49. g3 c6 50. dxc6 Bxc6 51. Rc8 Bb7 52. Rg8+ Kf6 53. Rf8+ Ke7 54. Rf7+ Ke8 55. Rxd7 Kxd7 56. Kxf5 Ke7 57. h4 Bf3 58. Kg5 Be4 59. g4 Bd3 60. Bg8 Kf8 61. Bd5 Ke7 62. Bb7 Ke6 63. Kf4 d5 64. Bxa6 Kd6 65. a4 d4 66. Bxb5 Bc2 67. a5 Kd5 68. a6 1-0

[Event "EU-ch blitz"]
[Site "Tallinn"]
[Date "2019.12.07"]
[Round "8"]
[White "Valner, Uku"]
[Black "Pohjala, Henri"]
[Result "1-0"]
[WhiteElo "2274"]
[BlackElo "2447"]
[PlyCount "129"]
[EventDate "2019.12.07"]
[EventType "swiss (blitz)"]
[EventRounds "22"]
[EventCountry "EST"]
[SourceTitle "CBM 193 Extra"]
[Source "ChessBase"]
[SourceDate "2020.01.31"]
[SourceVersion "1"]
[SourceVersionDate "2020.01.31"]
[SourceQuality "1"]

1. e4 d5 2. exd5 Qxd5 3. Nc3 Qd6 4. d4 Nf6 5. Bd3 Bg4 6. f3 Bh5 7. Nge2 c6 8. Bf4 Qd8 9. Qd2 e6 10. 0-0-0 Bd6 11. h4 Bg6 12. Bc4 h5 13. Bg5 Nbd7 14. Nf4 Bf5 15. Rde1 Qa5 16. Bd3 Bxd3 17. Qxd3 0-0-0 18. Kb1 Bb4 19. Nfe2 Nc5 20. Qe3 Na4 21. Rd1 Bxc3 22. Nxc3 Nxc3+ 23. Qxc3 Qxc3 24. bxc3 Rd7 25. Rde1 Nd5 26. Kb2 Nb6 27. Kb3 Rd5 28. a4 f6 29. Be3 Re8 30. c4 Rd7 31. a5 Na8 32. g4 hxg4 33. fxg4 Nc7 34. c3 a6 35. g5 e5 36. Rhf1 exd4 37. Bxd4 Rxe1 38. Rxe1 fxg5 39. hxg5 Kd8 40. Kb4 Kc8 41. Rh1 Ne6 42. Rh8+ Rd8 43. Rh7 Nxg5 44. Rxg7 Ne6 45. Rg4 Nxd4 46. cxd4 Kc7 47. Kc5 Kc8 48. Rg7 Kb8 49. Kb6 Rxd4 50. Rxb7+ Kc8 51. Rc7+ Kb8 52. Rxc6 Rh4 53. Kxa6 Rh5 54. Kb6 Rh1 55. Rg6 Rb1+ 56. Kc6 Ka7 57. Rg8 Ra1 58. Rg7+ Ka6 59. c5 Rc1 60. Kd6 Kxa5 61. Rb7 Ka6 62. Rb2 Rd1+ 63. Kc7 Rc1 64. c6 Ka7 65. Ra2# 1-0

[Event "EU-ch rapid"]
[Site "Tallinn"]
[Date "2019.12.06"]
[Round "10"]
[White "Dragnev, Valentin"]
[Black "Valner, Uku"]
[Result "1-0"]
[WhiteElo "2380"]
[BlackElo "2243"]
[PlyCount "41"]
[EventDate "2019.12.05"]
[EventType "swiss"]
[EventRounds "13"]
[EventCountry "EST"]
[SourceTitle "CBM 193 Extra"]
[Source "ChessBase"]
[SourceDate "2020.01.31"]
[SourceVersion "1"]
[SourceVersionDate "2020.01.31"]
[SourceQuality "1"]

1. d4 e6 2. c4 b6 3. e4 Bb7 4. Nc3 Bb4 5. f3 Bxc3+ 6. bxc3 d6 7. Bd3 Nd7 8. Ne2 Ngf6 9. 0-0 Qe7 10. a4 a5 11. Rb1 h6 12. Ng3 g6 13. f4 e5 14. fxe5 dxe5 15. c5 Ba6 16. Bxa6 Rxa6 17. c6 Nb8 18. Qf3 Ng8 19. Ba3 Qxa3 20. Qxf7+ Kd8 21. Qg7 1-0

[Event "EU-ch rapid"]
[Site "Tallinn"]
[Date "2019.12.05"]
[Round "3"]
[White "Valner, Uku"]
[Black "Belyakov, Bogdan"]
[Result "0-1"]
[WhiteElo "2243"]
[BlackElo "2520"]
[PlyCount "172"]
[EventDate "2019.12.05"]
[EventType "swiss"]
[EventRounds "13"]
[EventCountry "EST"]
[SourceTitle "CBM 193 Extra"]
[Source "ChessBase"]
[SourceDate "2020.01.31"]
[SourceVersion "1"]
[SourceVersionDate "2020.01.31"]
[SourceQuality "1"]

1. e4 Nc6 2. Nf3 e5 3. Bc4 Bc5 4. 0-0 Nf6 5. d4 Bxd4 6. Nxd4 Nxd4 7. f4 d6 8. fxe5 dxe5 9. Bg5 Rg8 10. c3 Ne6 11. Qxd8+ Kxd8 12. Bxf6+ gxf6 13. Rxf6 Ke7 14. Rh6 Ng5 15. Nd2 Rg6 16. Rxg6 hxg6 17. Nf3 Nxf3+ 18. gxf3 Bh3 19. Rd1 Rh8 20. Rd2 f6 21. Kf2 g5 22. Kg3 Rh4 23. a3 Bc8 24. Bf1 Be6 25. Rd1 Rf4 26. Rd2 a5 27. Be2 Rh4 28. Bf1 Rh8 29. Rd1 c6 30. Rd2 b5 31. Rd1 Bd7 32. Rd2 Rh6 33. Rd1 Rh4 34. Rd2 Rh8 35. Rd1 Rb8 36. Bh3 Be8 37. Bg4 b4 38. axb4 axb4 39. cxb4 Rxb4 40. Rd2 c5 41. h4 gxh4+ 42. Kxh4 Rd4 43. Rh2 Kd6 44. Bh5 Bc6 45. Bg4 c4 46. Kh5 Be8+ 47. Kh6 Ke7 48. Kg7 Bd7 49. Bxd7 Rxd7 50. Rc2 Rd3 51. Rxc4 Rxf3 52. Rc7+ Kd6 53. Rb7 f5 54. exf5 Rxf5 55. Kg6 Rf2 56. b4 e4 57. Rb8 Kd5 58. Rd8+ Kc4 59. Re8 Kd3 60. Rd8+ Ke3 61. b5 Rb2 62. Rb8 Kf2 63. b6 e3 64. b7 e2 65. Rf8+ Kg3 66. Re8 Kf3 67. Rf8+ Kg4 68. b8Q Rxb8 69. Rxb8 e1Q 70. Rf8 Qe4+ 71. Kf6 Kf4 72. Rf7 Qc6+ 73. Ke7+ Ke5 74. Kf8 Qh6+ 75. Ke7 Qd6+ 76. Ke8 Qb4 77. Rc7 Kd6 78. Re7 Qg4 79. Kf8 Qc8+ 80. Re8 Qf5+ 81. Kg7 Qg5+ 82. Kf7 Kd7 83. Rh8 Qf5+ 84. Kg7 Ke7 85. Rh7 Qg4+ 86. Kh6+ Kf6 0-1

[Event "Titled Tuesday intern op 1st Oct"]
[Site "Chess.com INT"]
[Date "2019.10.01"]
[Round "8"]
[White "Keymer, Vincent"]
[Black "Valner, Uku"]
[Result "0-1"]
[WhiteElo "2506"]
[BlackElo "2302"]
[PlyCount "90"]
[EventDate "2019.10.01"]
[EventType "swiss (blitz)"]
[EventRounds "10"]
[EventCountry "USA"]
[SourceTitle "EXT 2021"]
[Source "ChessBase"]
[SourceDate "2020.10.23"]
[SourceVersion "1"]
[SourceVersionDate "2020.10.23"]
[SourceQuality "1"]

1. d4 e6 2. c4 b6 3. e4 Bb7 4. Bd3 f5 5. exf5 Bxg2 6. Qh5+ g6 7. fxg6 Bg7 8. gxh7+ Kf8 9. Ne2 Nf6 10. Qh4 Bxh1 11. Bh6 Qe7 12. Nf4 Ke8 13. Ng6 Qf7 14. Ne5 Qf8 15. Bg6+ Ke7 16. Bg5 d6 17. Nf7 Nbd7 18. Nc3 Bf3 19. Qh3 Bb7 20. d5 Nc5 21. 0-0-0 Qxf7 22. Bxf7 Kxf7 23. Bxf6 Bxf6 24. Qh5+ Ke7 25. Nb5 Raf8 26. Nxc7 Rf7 27. dxe6 Rfxh7 28. Nd5+ Bxd5 29. Qxd5 Rh5 30. Qxd6+ Ke8 31. Qc6+ Kf8 32. Qc7 R5h7 33. Qf4 Ke7 34. Qd6+ Ke8 35. f4 Rxh2 36. Qc6+ Kf8 37. Qc8+ Kg7 38. Rg1+ Kh6 39. Qc7 Bxb2+ 40. Kd1 Bf6 41. f5 Rd8+ 42. Qxd8 Bxd8 43. Rg8 Bf6 44. Rf8 Kg5 45. Rf7 Rh8 0-1

[Event "Titled Tuesday intern op 1st Oct"]
[Site "Chess.com INT"]
[Date "2019.10.01"]
[Round "7"]
[White "Starozhilov, Leonid"]
[Black "Valner, Uku"]
[Result "1/2-1/2"]
[WhiteElo "2318"]
[BlackElo "2302"]
[PlyCount "148"]
[EventDate "2019.10.01"]
[EventType "swiss (blitz)"]
[EventRounds "10"]
[EventCountry "USA"]
[SourceTitle "EXT 2021"]
[Source "ChessBase"]
[SourceDate "2020.10.23"]
[SourceVersion "1"]
[SourceVersionDate "2020.10.23"]
[SourceQuality "1"]

1. Nf3 b6 2. e4 Bb7 3. Nc3 e6 4. Bd3 Nf6 5. 0-0 d5 6. exd5 Nxd5 7. Bb5+ Nd7 8. Ne5 N5f6 9. Bc6 Bxc6 10. Nxc6 Qc8 11. d4 Bd6 12. Qf3 0-0 13. Bf4 Qa6 14. Rad1 Rfe8 15. Be5 Qc4 16. b3 Qa6 17. a4 Qc8 18. Rfe1 h6 19. Nb5 Bxe5 20. dxe5 Nd5 21. c4 Ne7 22. Nxc7 Nxc6 23. Qxc6 Nc5 24. Qxa8 Qxa8 25. Nxa8 Rxa8 26. Re3 Kh7 27. f3 Kg6 28. g4 h5 29. h3 hxg4 30. hxg4 Kg5 31. Rd4 f6 32. Kg2 f5 33. Kg3 Rh8 34. f4+ Kg6 35. b4 Nxa4 36. Rd6 Re8 37. Ra3 Nb2 38. Rxa7 Nxc4 39. Rdd7 Rg8 40. gxf5+ Kxf5 41. Rxg7 Rh8 42. Raf7+ Ke4 43. Rh7 Ra8 44. Rf6 Ra4 45. Rxe6 Rxb4 46. Re8 Ne3 47. e6 Nf5+ 48. Kg4 Rb3 49. Rh3 Rb1 50. Kg5 b5 51. Kf6 Ra1 52. Rh5 Nd6 53. Re5+ Kxf4 54. Rd8 Ne4+ 55. Rxe4+ Kxe4 56. e7 Ra6+ 57. Kf7 Ra7 58. Rb8 Kd5 59. Kf6 Rxe7 60. Kxe7 Kc4 61. Rc8+ Kd5 62. Kf6 b4 63. Kf5 Kd4 64. Kf4 b3 65. Rd8+ Kc3 66. Ke3 b2 67. Rc8+ Kb3 68. Rb8+ Kc2 69. Rc8+ Kd1 70. Rd8+ Kc1 71. Rc8+ Kd1 72. Rb8 Kc1 73. Kd3 b1Q+ 74. Rxb1+ Kxb1 1/2-1/2